Statistics for Ghanaian soccer players scoring during the World Cup

Click here to take the quiz!

General Stats

  • This quiz has been taken 37 times
    (32 since last reset)
  • The average score is 3 of 6

Answer Stats

Goals Year(s) Players % Correct
62006 - 2010 - 2014Asamoah Gyan
93%
22014André Ayew
72%
22006 - 2010Sulley Muntari
69%
12010Kevin-Prince Boateng
48%
12006Stephen Appiah
31%
12006Haminu Draman
14%

Score Distribution

Percentile by Number Answered

Percent of People with Each Score

Your Score History

You have not taken this quiz since the last reset